书目信息 |
| 题名: |
中国风格吉他作品集
|
|
| 作者: | 胡彪 编著 | |
| 分册: | ||
| 出版信息: | 上海 上海音乐出版社 2014 |
|
| 页数: | 165页 | |
| 开本: | 31cm | |
| 丛书名: | ||
| 单 册: | ||
| 中图分类: | J647.32 | |
| 科图分类: | ||
| 主题词: | 六弦琴--器乐曲--中国--选集 | |
| 电子资源: | ||
| ISBN: | 978-7-5523-0536-4 | |
| 000 | 00930nam0 2200253 450 | |
| 001 | 340495 | |
| 005 | 20150625155745.78 | |
| 010 | @a978-7-5523-0536-4@dCNY58.00 | |
| 010 | @a978-7-88880-762-4@b光盘 | |
| 100 | @a20150310d2014 em y0chiy50 ea | |
| 101 | 0 | @achi |
| 102 | @aCN@b310000 | |
| 105 | @ag z 000yy | |
| 106 | @ar | |
| 200 | 1 | @a中国风格吉他作品集@Azhong guo feng ge ji ta zuo pin ji@d= Chinese guitar works collection@f胡彪编著@zeng |
| 210 | @a上海@c上海音乐出版社@c上海文艺音像电子出版社@d2014 | |
| 215 | @a165页@d31cm@e光盘1片 | |
| 330 | @a本书精选73首中国风格的古典吉他作品分成了不同程序的十个级别, 包括《哇哈哈》、《四川民歌》、《凤阳花鼓》、《八月桂花遍地开》、《掀起你的盖头来》等曲目。 | |
| 510 | 1 | @aChinese guitar works collection@zeng |
| 606 | 0 | @a六弦琴@x器乐曲@y中国@j选集 |
| 690 | @aJ647.32@v5 | |
| 701 | 0 | @a胡彪@Ahu biao@4编著 |
| 801 | 0 | @aCN@b卓展宏图@c20150525 |
| 905 | @dJ647.32@e176@f4 | |
| 中国风格吉他作品集= Chinese guitar works collection/胡彪编著.-上海:上海音乐出版社:上海文艺音像电子出版社,2014 |
| 165页;31cm+光盘1片 |
| ISBN 978-7-5523-0536-4:CNY58.00 |
| 本书精选73首中国风格的古典吉他作品分成了不同程序的十个级别, 包括《哇哈哈》、《四川民歌》、《凤阳花鼓》、《八月桂花遍地开》、《掀起你的盖头来》等曲目。 |
| ● |
| 相关链接 |
|
|
|
|
正题名:中国风格吉他作品集
索取号:J647.32/176
 
预约/预借
| 序号 | 登录号 | 条形码 | 馆藏地/架位号 | 状态 | 备注 |
| 1 | 865901 | 208659012 | 第一样本阅览室/ [索取号:J647.32/176] | 在馆 | |
| 2 | 865902 | 208659021 | 音乐系资料室/ [索取号:J647.32/176] | 在馆 | |
| 3 | 865903 | 208659030 | 第一借阅区/ [索取号:J647.32/176] | 在馆 | |
| 4 | 865904 | 208659049 | 第一借阅区/ [索取号:J647.32/176] | 在馆 |